| 000 | 004830000a22001810004500 | ||
|---|---|---|---|
| 001 | 000665 | ||
| 003 | MACL | ||
| 005 | 20150704161206.0 | ||
| 008 | 150704b xxu||||| |||| 00| 0 eng d | ||
| 040 |
_aMACL _cMACL |
||
| 041 | _aEnglish | ||
| 100 |
_aRam, Atma _9685 |
||
| 245 |
_aINDIA _b50 Years of Independence 1947-97 Status, Growth and Development _cAtma Ram |
||
| 260 |
_aBR Publication, _c1998 _bNew Delhi |
||
| 350 | _a325 | ||
| 650 |
_aSocial Sciences _9383 |
||
| 942 |
_k300 _cBK _2ddc |
||
| 999 |
_c665 _d665 |
||